000 00244nam a2200109Ia 4500
999 _c9297
_d9297
020 _a978-93-325-4222-8
100 _aStephen P. Robbins
245 0 _aOrganizational Behavior
260 _aNew Delhi
_bAddison
_c2008
300 _a183
942 _cBK